Globalization in rural Mexico three decades of change /

Bibliographic Details
Main Author: Rothstein, Frances.
Corporate Author: ProQuest (Firm)
Format: Electronic eBook
Language:English
Published: Austin : University of Texas Press, 2007.
Edition:1st ed.
Subjects:
Online Access:Click to View
LEADER 01986nam a22004334a 4500
001 EBC3443326
003 MiAaPQ
005 20200520144314.0
006 m o d |
007 cr cn|||||||||
008 060714s2007 txuab sb s001 0 eng
010 |z  2006023443 
020 |z 9780292716315 (cloth : alk. paper) 
020 |z 0292716311 (cloth : alk. paper) 
020 |z 9780292716322 (pbk. : alk. paper) 
020 |z 029271632X (pbk. : alk. paper) 
035 |a (MiAaPQ)EBC3443326 
035 |a (Au-PeEL)EBL3443326 
035 |a (CaPaEBR)ebr10245819 
035 |a (OCoLC)646761273 
040 |a MiAaPQ  |c MiAaPQ  |d MiAaPQ 
043 |a n-mx--- 
050 4 |a HC138.M33  |b R667 2007 
082 0 4 |a 303.48/27247  |2 22 
100 1 |a Rothstein, Frances. 
245 1 0 |a Globalization in rural Mexico  |h [electronic resource] :  |b three decades of change /  |c Frances Abrahamer Rothstein. 
250 |a 1st ed. 
260 |a Austin :  |b University of Texas Press,  |c 2007. 
300 |a x, 193 p. :  |b ill., map. 
504 |a Includes bibliographical references (p. [173]-187) and index. 
505 0 |a Introduction : anthropology and globalization -- Mexico and the world -- From peasants to worker-peasants to small-scale flexible producers -- Flexible garment production -- Making it in the garment industry -- Illusions and disillusions : challenging consumption theory -- Still struggling : development and globalization in rural Mexico. 
533 |a Electronic reproduction. Ann Arbor, MI : ProQuest, 2015. Available via World Wide Web. Access may be limited to ProQuest affiliated libraries. 
650 0 |a Clothing trade  |z Mexico  |z Mazatecochco. 
650 0 |a Globalization  |z Mexico  |z Mazatecochco. 
651 0 |a Mazatecochco (Mexico)  |x Economic conditions. 
651 0 |a Mazatecochco (Mexico)  |x Social conditions. 
655 4 |a Electronic books. 
710 2 |a ProQuest (Firm) 
856 4 0 |u https://ebookcentral.proquest.com/lib/matrademy/detail.action?docID=3443326  |z Click to View